000
00215 a2200097 4500
001
52017
100
_a
N D C
245
_a
The Partition of the Punjab (Vol-iv)
260
_a
Lahore
_b
N D C
_c
090
_c
32824
_d
32824
942
_a
NUST-CAE
_c
M
_c
25363
999
_c
287090
_d
287090